00413nam a22001577a 450000500170000000800410001702000180005804000290007605000250010510000190013024500380014926000210018730000090020865000150021765000230023220230510090943.0230510b |||||||| |||| 00| 0 eng d a9781878410214 cChuka University Library aBF 637b.C4F424 1996 aFerguson,Bill. aHeal the hurt that runs your life aHoustonb?c1996 a114p aPsychology aSelf actualization